| 000 | 00512nam a22001937a 4500 | ||
|---|---|---|---|
| 003 | ASAB | ||
| 005 | 20180827062720.0 | ||
| 008 | 161201t xxu||||| |||| 00| 0 eng d | ||
| 020 | _a978-81-7233-715-5 | ||
| 040 | _cASAB | ||
| 082 | _a634.95640954 | ||
| 100 |
_aVinod Kumar _92426 |
||
| 245 | _aNursery and plantation practices in forestry | ||
| 260 |
_aIndia _bScientific Publishers (india) _c2011 |
||
| 300 |
_a547 P. _c24 cm |
||
| 630 |
_aPlantation _93729 |
||
| 630 |
_aForestry _93730 |
||
| 942 |
_2ddc _cBK |
||
| 999 |
_c480367 _d480367 |
||